Enzyme engineering / (Record no. 152153)

MARC details
000 -LEADER
fixed length control field 01143nam a2200277 a 4500
008 - FIXED-LENGTH DATA ELEMENTS--GENERAL INFORMATION
fixed length control field
020 ## - INTERNATIONAL STANDARD BOOK NUMBER
International Standard Book Number 047195425X (cased)
049 ## - LOCAL HOLDINGS (OCLC)
Holding library MAIN
050 0# - LIBRARY OF CONGRESS CALL NUMBER
Classification number TP248.E5
Item number W56
090 0# - LOCALLY ASSIGNED LC-TYPE CALL NUMBER (OCLC); LOCAL CALL NUMBER (RLIN)
Classification number (OCLC) (R) ; Classification number, CALL (RLIN) (NR) TP248.65.E59
003 - CONTROL NUMBER IDENTIFIER
control field
005 - DATE AND TIME OF LATEST TRANSACTION
control field 20230123133637.0
040 ## - CATALOGING SOURCE
Transcribing agency NUST
245 10 - TITLE STATEMENT
Title Enzyme engineering /
Statement of responsibility, etc. edited by Lemuel B. Wingard.
260 ## - PUBLICATION, DISTRIBUTION, ETC.
Place of publication, distribution, etc. New York :
Name of publisher, distributor, etc. Interscience Publishers,
Date of publication, distribution, etc. 1972.
300 ## - PHYSICAL DESCRIPTION
Extent xiii, 415 p. :
Other physical details ill. ;
Dimensions 23 cm.
440 #0 - SERIES STATEMENT/ADDED ENTRY--TITLE
Title Biotechnology and bioengineering symposium ;
Volume/sequential designation no. 3.
500 ## - GENERAL NOTE
General note "Papers in part from the Engineering Foundation conference on "enzyme engineering," August 9-13, 1971, Henniker, New Hampshire, and the 64th annual meeting of the American Institute of Chemical Engineers, December 1, 1971, San Francisco, California."
504 ## - BIBLIOGRAPHY, ETC. NOTE
Bibliography, etc. note Includes bibliographical references.
650 #0 - SUBJECT ADDED ENTRY--TOPICAL TERM
Topical term or geographic name entry element Enzymes
General subdivision Industrial applications
-- Congresses.
700 ## - ADDED ENTRY--PERSONAL NAME
Personal name Wingard, Lemuel B.
710 20 - ADDED ENTRY--CORPORATE NAME
Corporate name or jurisdiction name as entry element Engineering Foundation (U.S.)
710 20 - ADDED ENTRY--CORPORATE NAME
Corporate name or jurisdiction name as entry element American Institute of Chemical Engineers.
907 ## - LOCAL DATA ELEMENT G, LDG (RLIN)
a .b1011337x
b 27-02-04
c 27-02-04
942 ## - ADDED ENTRY ELEMENTS (KOHA)
Koha item type Ordinary Loan Books
Call number prefix TP248.65.E59
Holdings
Date last seen Total Checkouts Full call number Barcode Cost, replacement price Price effective from Koha item type Lost status Source of classification or shelving scheme Damaged status Not for loan Collection Withdrawn status Home library Current library Shelving location Date acquired Cost, normal purchase price
01/23/2023 15 TP248.E5 W56 ENZ 92003019849 80.00 01/23/2023 BOOKS   LCC   1 NFIC   MAIN MAIN GEN 01/23/2023 80.00